E-learning ?

Definícia a fungovanie e-learningu. Boom e-learningu v súčasnosti. E-learning u nás.

Salvato in:
Dettagli Bibliografici
Autore principale: Balajka, Radoslav
Natura: Capitolo di libro
Lingua:slovacco
Soggetti:
Tags: Aggiungi Tag
Nessun Tag, puoi essere il primo ad aggiungerne!!

MARC

LEADER 00000naa a2200000 4500
001 r047542
005 20231003075932.8
041 0 |a slo 
044 |a SK 
245 1 0 |a E-learning ?  |c Radoslav Balajka 
520 |a Definícia a fungovanie e-learningu. Boom e-learningu v súčasnosti. E-learning u nás. 
610 2 0 |a vzdelávanie 
610 2 0 |a vzdelávanie elektronické 
610 2 0 |a definície 
610 2 0 |a internet 
100 1 |a Balajka, Radoslav